Регионална библиотека "Любен Каравелов" - Русе

Метална пластика (Запис номер 115123)

MARC детайли
000 -Лидер
Контролно поле с фиксирана дължина 01353nam a2200325 c 4500
003 - Код на организацията, давaща контролен номер
Контролно поле BLK
005 - Дата и час на последна редакция
Контролно поле 20180422110303.0
008 - Елементи от данни с фиксирана дължина
fixed length control field 180409b bul|||||r ||||||| ||bul||
010 ## - Наследен системен номер
LC control number KNG00120590000
040 ## - Източник на каталожния запис
Идентификатор на билиотеката - собственик на записа BLK
041 ## - Код за език
Код за езика на текст/звукозапис или на отделно заглавие Български
Код за езика КДБФ Български
080 ## - УДК
Текстов определител УДК Пластични изкуства
УДК код - определител по УДК 73
УДК определител
УДК - код + определител 73
100 1# - Редна дума - Автор
Автор Друмев, Димитър
Авторска отговорност първи автор
R(LIN) 313943
139 ## - Редно поле
Редна дума Метална пластика
Авторски знак Мет - М 51
245 10 - Сведения за заглавието
Заглавие Метална пластика
Подзаглавни данни Ковано желязо, оръжия, калаени съдове : Моногр.
Редно поле (дума) Димитър Друмев; * Христо Петков Дерменджиев; * Никола Даскалов; * Тодор Герасимов.
257 ## - Страна на издаване
Страна на създаване/издаване България
260 ## - Област на издателските данни
-- София
Име на издателя, разпространителя и проч. БАН
Година на издаване 1983
300 ## - Физическа характеристика
Страници 192 с.
Илюстрации и др. с ил.
Размери/Мащаб 27 см
380 ## - Жанр
Жанр Изкуство
490 1# - СЕРИИ (Колекции)
Име на серия Българско художествено наследство
500 ## - Общи забележки
Забележка Подв. : 4,10 лв
700 1# - Други автори (авторска отговорност)
Лично име Дерменджиев, Христо Петков
Автороска отговорност (Описва отношението между автора и произведението) *
9 (RLIN) 376270
700 1# - Други автори (авторска отговорност)
Лично име Даскалов, Никола
Автороска отговорност (Описва отношението между автора и произведението) *
9 (RLIN) 376271
700 1# - Други автори (авторска отговорност)
Лично име Герасимов, Тодор
Автороска отговорност (Описва отношението между автора и произведението) *
9 (RLIN) 313944
852 ## - Местоположение
Форматна сигнатура Цб ІІ 6481
856 4# - Електронен адрес и достъп
Електронен формат pdf - файл
Път до файла /url/
856 4# - Електронен адрес и достъп
Електронен формат pdf - файл
Път до файла /url/
942 ## - АРТИКУЛИ
Вид на библиотечния материал Книги
Скрит в OPAC Не
944 ## - СЪЗДАВАНЕ И РЕДАКЦИЯ на ЗАПИСА
Създаване/Редакция Създаване
Дата на регистрацията/редакция 30.12.2010
Статус, дата на статуса добави в АБ / 29.12.2010
Служител, извършил регистрацията/редакцията Наталия_Любомирова
944 ## - СЪЗДАВАНЕ И РЕДАКЦИЯ на ЗАПИСА
Създаване/Редакция Редакция
Дата на регистрацията/редакция 27.08.2015
Статус, дата на статуса добави в АБ / 29.12.2010
Служител, извършил регистрацията/редакцията
999 ## - СИСТЕМНИ КОНТРОЛНИ НОМЕРА
Koha biblionumber 115123
Koha biblioitemnumber 115123
Наличности
Код за отписване Код за изгубен артикул Източник на класификационната схема Код за повреда Коз за рестрикции Код за отдаване Артикулен № Име на библиотеката - собственик Име на библиотеката, в която се намира в момента Статус (Текущо местоположение) Дата на вписване в системата Местоположение - отдел Цена в лева Инвентарен номер Систематично азбучна сигнатура Баркод Номер на екземпляра Цена в евро Служебна бележка Служебен тип на артикула
  Не е изгубен Universal Decimal Classification Не е повреден без рестрикции заемане за дома 184830 Регионална библиотека "Любен Каравелов" Русе Регионална библиотека "Любен Каравелов" Русе Отдел Изкуство - подръчен фонд 1983-01-01 Отдел Изкуство - подръчен фонд 9.80 386961 73/М 51 120000386961 1 5.01 N: стар фонд Дата: 01.01.1983 Дата инв: 07.06.2012 Бележки инв: * Книги
  Не е изгубен Universal Decimal Classification Не е повреден само за читалня ползва се в читалня 184831 Регионална библиотека "Любен Каравелов" Русе Регионална библиотека "Любен Каравелов" Русе Хранилище 1983-01-01 Хранилище 9.80 387280 Цб ІІ 6481 120000387280 2 5.01 N: стар фонд Дата: 01.01.1983 Книги
Vip Innovations Ltd, Rousse, Bulgaria 2025